| Tag |
First Indicator |
Second Indicator |
Subfields |
| LEADER |
00000cam a2200000 a 4500 |
| 001 |
in00001402910 |
| 005 |
20151020053058.0 |
| 008 |
821124s1937 wauac r 000 0 eng d |
| 035 |
|
|
|a (OCoLC)08985906
|
| 035 |
|
|
|9 AHM6953AM
|
| 040 |
|
|
|a IFA
|c IFA
|d TXA
|d UtOrBLW
|
| 049 |
|
|
|a TXAS [mil]
|
| 090 |
|
|
|a D526.2
|b .M16 1937
|
| 092 |
|
|
|a 811
|
| 100 |
1 |
|
|a McCollum, Lee Charles.
|
| 245 |
1 |
0 |
|a History and rhymes of the lost battalion /
|c by "Buck Private" McCollum ; sketches by Franklin Sly and Tolman R. Reamer.
|
| 246 |
1 |
4 |
|a Lost battalion
|
| 264 |
|
1 |
|a [Chicago] :
|b [Bucklee Publishing Co.],
|c [1937?]
|
| 300 |
|
|
|a 138 pages :
|b illustrations ;
|c 18 cm.
|
| 336 |
|
|
|a text
|b txt
|2 rdacontent
|
| 337 |
|
|
|a unmediated
|b n
|2 rdamedia
|
| 338 |
|
|
|a volume
|b nc
|2 rdacarrier
|
| 500 |
|
|
|a Published in 1921 under title: Rhymes of a lost battalion doughboy.
|
| 500 |
|
|
|a Cover-title: The lost battalion.
|
| 500 |
|
|
|a Cushing Library/Ragan Military copy contains a thank you note from the publishers.
|
| 650 |
|
0 |
|a World War, 1914-1918
|v Poetry.
|
| 650 |
|
0 |
|a World War, 1914-1918
|x Regimental histories
|z United States.
|
| 610 |
2 |
0 |
|a United States.
|b Army.
|b Infantry, 308th.
|
| 700 |
1 |
|
|a Sly, Franklin.
|
| 700 |
1 |
|
|a Reamer, Tolman R.
|
| 999 |
|
|
|a MARS
|
| 999 |
f |
f |
|s aebfe6e7-880d-3132-afdc-ddf16d044ea6
|i 4b5391fe-f94d-3de5-9a73-17f6f2e80df3
|t 0
|
| 952 |
f |
f |
|p noncirc
|a Texas A&M University
|b College Station
|c Cushing Memorial Library & Archives
|d Cushing: Ragan Military (Does not check out)
|t 0
|e D526.2 .M16 1937
|h Library of Congress classification
|i unmediated -- volume
|m A14852126318
|
| 998 |
f |
f |
|a D526.2 .M16 1937
|t 0
|l Cushing: Ragan Military (Does not check out)
|